Представление документа в формате RUSMARC

ПолеНазваниеЗначение
  Тип записи a
  Библиографический уровень s
001 Контрольный номер RU/IS/BASE/561297174
005 Дата корректировки 20240221090833.4
011 Индекс ISSN __
a ISSN 2413-3582
100 Данные общей обработки __
a Данные общей обработки 20171014a19949999||||0rusy0189||||ca
101 Язык документа 0_
a Язык текста rus
102 Страна публикации __
a Страна публикации RU
105 Кодированные данные (монография) __
a Кодированные данные (монография) y###||||000|y
110 Кодированные данные: продолжающиеся ресурсы __
a Кодированные данные продолжающихся ресурсов agazrrr||z|
200 Заглавие и сведения об ответственности 1_
a Заглавие Защита информации. Инсайд
e Сведения, относящиеся к заглавию информационно-методический журнал
f Первые сведения об ответственности учредитель ООО "Издательский Дом "Афина"
d Параллельное заглавие Защита информации. INSiDE
210 Выходные данные 1_
a Место издания Санкт-Петербург
d Дата издания 2004-
326 Примечания о периодичности __
a Примечания о периодичности (серийного издания) Выходит 6 раз в год
333 Примечание о целевом назначении __
a Примечание о целевом назначении 16+
712 Наименование организации (Вторичная ответственность) 02
a Организация/ юрисдикция ООО Издательский дом "Афина"
4 Код отношения 570
801 Источник записи _0
a Страна RU
b Организация Ульяновская ОНБ
c Дата составления 20171014
g Правила каталогизации RCR
801 Источник записи _1
a Страна RU
b Организация Ульяновская ОНБ
c Дата составления 20171014
g Правила каталогизации RCR
901 Тип документа __
t Тип документа u
910 Корректоры записи __
a Корректор записи Егорова Э. А.
b Дата внесения изменения в запись 20240221